| 000 | 01597nam a2200373 a 4500 | ||
|---|---|---|---|
| 001 | 688 | ||
| 003 | MYCC | ||
| 005 | 20260205125637.0 | ||
| 008 | 260205t20252025nyu b 001 0beng d | ||
| 020 |
_a9781324075967 _qhardback |
||
| 020 |
_a1324075961 _qhardback |
||
| 040 |
_aMYCC _beng _cMYCC _erda |
||
| 082 | 0 | 4 |
_223 _a006.3 |
| 090 | 0 | 0 |
_a006.3 _dHAG |
| 100 | 1 |
_aHagey, Keach, _eauthor. |
|
| 245 | 1 | 4 |
_aTHE OPTIMIST : _bSam Altman, Open AI and the Race to Invent the Future / _cKeach Hagey |
| 250 | _aFirst edition. | ||
| 264 | 1 |
_aNew York, NY : _bW.W. Norton & Company, _c2025 |
|
| 264 | 4 | _c©2025 | |
| 300 |
_ax, 367 pages ; _c24 cm |
||
| 336 |
_2rdacontent _atext |
||
| 337 |
_2rdamedia _aunmediated |
||
| 338 |
_2rdacarrier _avolume |
||
| 504 | _aIncludes bibliographical references and index. | ||
| 520 | _aThe Optimist by Keach Hagey is a detailed biography of Sam Altman, tracing his rise from a precocious youth to a central figure in the race to build artificial general intelligence as CEO of OpenAI. Through over 250 interviews, Hagey paints a nuanced portrait of Altman as a visionary risk-taker with near-religious faith in technological progress, whose dramatic 2023 firing and swift reinstatement underscored his influence and the volatile pace of the AI industry. | ||
| 600 | 1 | 0 |
_aAltman, Sam, _d1985- |
| 610 | 2 | 0 | _aOpenAI (Firm) |
| 650 | 0 | _aArtificial intelligence. | |
| 650 | 0 |
_aArtificial intelligence. _xSocial aspects. |
|
| 650 | 0 |
_aArtificial intelligence. _xEconomic aspects. |
|
| 650 | 0 | _aBusiness. | |
| 650 | 0 | _aEntrepreneurship. | |
| 942 |
_2ddc _cBK |
||
| 999 |
_c688 _d688 |
||